| 000 | 00987nam a22002537a 4500 | ||
|---|---|---|---|
| 003 | BPGM | ||
| 008 | 260619b2007 mx ||||| |||| 001 0 spa d | ||
| 020 | _a968-845-319-8 | ||
| 040 |
_aQUERÉTARO _bspa |
||
| 041 | _aspa | ||
| 082 | 0 | 4 |
_2920.72/ _a G984g |
| 100 | _aGUITIERREZ GRAGEDA, BLANCA | ||
| 245 |
_aQUERÉTARO DEVASTADO _bFIN DEL SEGUNDO IMPERIO |
||
| 250 |
_aPRIMERA EDICION _b2007 |
||
| 260 |
_aQUERÉTARO ; _biEQ , _c2007 . |
||
| 300 |
_a279 páginas _c21.4 cm x 17 cm |
||
| 336 |
_2rdacontent _atexto _btxt |
||
| 337 |
_2rdamedia _asin mediación _bn |
||
| 338 |
_2rdacarrier _avolumen _bnc |
||
| 505 | _aEL LIBRO ANALIZA LA CAÍDA DEL IMPERIO DE MAXIMILIANO DE AUSTRIA EN 1867, PERO NO DESDE LA PERSPECTIVA DE LOS GRANDES HÉROES O LAS ESTRATEGIAS MILITARES, SINO DESDE EL IMPACTO HUMANO, ECONÓMICO Y SOCIAL QUE SUFRIÓ LA POBLACIÓN CIVIL DE QUERÉTARO. | ||
| 650 | _aGEOGRAFÍA E HISTORIA | ||
| 650 | _aBIOGRAFÍA, GENEALOGÍA, INSIGNIAS | ||
| 942 |
_2ddc _cCOLQ |
||
| 999 |
_c68652 _d68652 |
||